000
00338nam a2200145Ia 4500
008
150201s2002 xx 000 0 und d
082
_a
610
_b
O2002C
100
_a
CYRIAX,JAMES
245
_a
TEXT BOOK OF ORTHOPADIC MEDICINE
250
_a
8TH
260
_b
AITBS
_a
DELHI
_c
2002
300
_a
1-502
650
_a
MEDICINE
942
_2
ddc
_c
BK
999
_c
2991
_d
2991